| 000 | 01668nam0a2200409 4500 | ||
|---|---|---|---|
| 001 | RU\NLR\bibl\286143 | ||
| 005 | 20260405082014.0 | ||
| 010 |
_a5-901654-18-8 _91000 |
||
| 021 |
_aRU _b2002-10927 _9540 |
||
| 035 | _a(NLR Aleph) 000281567 | ||
| 090 |
_a1647730 _c1647730 |
||
| 100 | _a20020703d2002 |||y0rusy50 ca | ||
| 101 | 0 | _arus | |
| 102 | _aRU | ||
| 105 | _aa ||||||||| | ||
| 200 | 1 |
_aОднорядный непрерывный шов анастомозов в абдоминальной хирургии _f[Егиев В. Н., Маскин С. С., Егоров В. И., Воскресенский П. К.] _gПод ред. В. Н. Егиева |
|
| 210 |
_aМ. _cМедпрактика-М _d2002 |
||
| 215 |
_a98 с. _cил. _d21 |
||
| 320 | _aБиблиогр. в конце гл. | ||
| 606 | 0 |
_aБрюшная полость _xАнастомозы _xХирургические швы _92252611 _3RU\NLR\auth\661351071 |
|
| 610 | 0 | _aКишечник - Анастомозы | |
| 610 | 0 | _aШов хирургический | |
| 675 |
_a616.34:089 _v3 _zrus |
||
| 686 |
_a76.29 _2rugasnti |
||
| 686 |
_a54.13 _2rubbk |
||
| 686 | _aР457.4-85 | ||
| 701 | 1 |
_aЕгиев _bВ. Н. _gВалерий Николаевич _4070 |
|
| 701 | 1 |
_aМаскин _bС. С. _4070 |
|
| 701 | 1 |
_4070 _7ca _8rus _aЕгоров _bВ. И. _cд-р мед. наук, хирург _gВячеслав Иванович _911818 _3RU\NLR\AUTH\7728787 |
|
| 701 | 1 |
_aВоскресенский _bП. К. _4070 |
|
| 801 | 0 |
_aRU _bRKP _c20020703 _gPSBO |
|
| 801 | 1 |
_aRU _bRKP _c20020703 |
|
| 801 | 2 |
_aRU _bNLR _c20051004 _grcr |
|
| 942 | _cBOOK | ||
| 980 | _aNB | ||